El enigma del animal fantástico / (Registro nro. 2348)
[ vista simple ]
| 000 -LEADER | |
|---|---|
| fixed length control field | 00777nam a2200241 a 4500 |
| 005 - FECHA ULTIMA MODIFICACION | |
| control field | 20240412124111.0 |
| 008 - CAMPO DE CONTROL (LIBRO) | |
| fixed length control field | 100708t1991||||sp f |||| 001 0 spa d |
| 020 ## - INTERNATIONAL STANDARD BOOK NUMBER | |
| ISBN | 8430919643 |
| 041 ## - CODIGO DE IDIOMA | |
| Código de idioma del texto/pista de sonido o título separado | spa |
| 092 ## - SIGNATURA TOPOGRAFICA DEWEY LOCAL | |
| número de clasificación | 171 |
| libristica | 13 |
| sección | CON |
| 100 1# - ENTRADA PRINCIPAL--NOMBRE PERSONAL | |
| Nombre personal | Conill, Jesus |
| 9 (RLIN) | 3134 |
| 245 #3 - TITULO PROPIAMENTE DICHO | |
| Título | El enigma del animal fantástico / |
| Mención de responsabilidad y remanente de la transcripción de la portada | Jesus Conill |
| 250 ## - MENCION DE EDICION | |
| Mención de edición | 1a ed. |
| 260 ## - PIE DE IMPRENTA | |
| Lugar de publicación, distribución, etc | Madrid: |
| Nombre de la editorial, distribuidor, etc | Tecnos; |
| Fecha de publicación | 1991. |
| 300 ## - DESCRIPCION FISICA | |
| Extension | 334 p. |
| 500 ## - NOTA GENERAL | |
| Nota general | Conill, J. (1991). El enigma del animal fantástico. (1a ed.). Madrid : Tecnos. |
| 590 ## - NOTAS LOCALES (RLIN) | |
| Nota local | Donación Dora Vera, febrero 2017 |
| 653 ## - TÉRMINO INDIZADO - PALABRAS CLAVES | |
| Palabra clave | Humanismo y barbarie |
| 653 ## - TÉRMINO INDIZADO - PALABRAS CLAVES | |
| Palabra clave | Hermeneutica critica de la razon experimental |
| 653 ## - TÉRMINO INDIZADO - PALABRAS CLAVES | |
| Palabra clave | Antropologia de la tecnica y responsabilidad |
| 653 #5 - TÉRMINO INDIZADO - PALABRAS CLAVES | |
| Palabra clave | Para pensar la postmodernidad |
| 942 ## - ADDED ENTRY ELEMENTS (KOHA) | |
| Source of classification or shelving scheme | Dewey Decimal Classification |
| Item type | Libros |
| Estado de retiro | Existencia | Fuente de clasificación | Estado general | No para prestamo | Ubicación permanente | ubicación actual | Sala de ubicación | Fecha de adquisición | Fuente de adquisición | Total Checkouts | Número de clasificación | Código de barras | Date last seen | Número de ejemplar | Price effective from | Koha tipo de elemento (item) | Public note |
|---|---|---|---|---|---|---|---|---|---|---|---|---|---|---|---|---|---|
| Dewey Decimal Classification | Biblioteca Medicina | Biblioteca Medicina | Circulación | 01/03/2017 | Donacion Dora Vera, febrero 2017 | 171 13 CON | 3762 | 01/03/2017 | Ej.1 | 01/03/2017 | Libros | Donacion Dora Vera, febrero 2017 |